000 00575nam a2200229 a 4500
001 nice12345678
003 IN_TiNIC
005 20260116011421.0
008 070402s1930 muma grp 000 0 eng
020 _a
_c100
082 0 0 _a297.0954
_bDEW
100 _aDewick, E C
245 _aIndian Islam
_b Religious History of Islam in India
260 _aMumbai
_bOxford University Presss
_c1930
300 _a290p
500 _aincludes index and biblioraphy
505 2 _aindex
650 _aIslam-History-India
902 _bRHR
942 _cBK
999 _c1348
_d1348